Marine Diesel Engines / (Record no. 1214)
[ view plain ]
| 000 -LEADER | |
|---|---|
| fixed length control field | 00431nam a2200157 4500 |
| 008 - FIXED-LENGTH DATA ELEMENTS--GENERAL INFORMATION | |
| fixed length control field | 200114b ||||| |||| 00| 0 eng d |
| 082 00 - DEWEY DECIMAL CLASSIFICATION NUMBER | |
| Classification number | 623.87236 |
| Item number | P8767 |
| 100 ## - MAIN ENTRY--PERSONAL NAME | |
| 9 (RLIN) | 803 |
| Personal name | Pounder, C. C. |
| 245 10 - TITLE STATEMENT | |
| Title | Marine Diesel Engines / |
| 250 ## - EDITION STATEMENT | |
| Edition statement | 5th ed. |
| 260 ## - PUBLICATION, DISTRIBUTION, ETC. (IMPRINT) | |
| Place of publication, distribution, etc | London |
| Name of publisher, distributor, etc | Newnes-Butterworths |
| Date of publication, distribution, etc | 1975 |
| 300 ## - PHYSICAL DESCRIPTION | |
| Extent | 737 p. |
| 440 ## - SERIES STATEMENT/ADDED ENTRY--TITLE | |
| Title | Marine Engineering Series |
| 650 #0 - SUBJECT ADDED ENTRY--TOPICAL TERM | |
| Topical term or geographic name as entry element | Marine Diesel Motors |
| 942 ## - ADDED ENTRY ELEMENTS (KOHA) | |
| Source of classification or shelving scheme | |
| Item type | Books |
| Withdrawn status | Lost status | Source of classification or shelving scheme | Damaged status | Not for loan | Permanent location | Current location | Date acquired | Full call number | Barcode | Date last seen | Koha item type | Total Checkouts | Checked out | Date last borrowed | Source of acquisition | Cost, replacement price |
|---|---|---|---|---|---|---|---|---|---|---|---|---|---|---|---|---|
| IMU Kolkata | IMU Kolkata | 1975-03-06 | 623.87236 P8767 | 04203 | 2020-01-14 | Books | ||||||||||
| IMU Kolkata | IMU Kolkata | 1975-03-06 | 623.87236 P8767 | 04204 | 2020-01-14 | Books | ||||||||||
| IMU Kolkata | IMU Kolkata | 1975-03-06 | 623.87236 P8767 | 04205 | 2026-04-20 | Books | 3 | 2026-05-05 | 2026-04-20 | |||||||
| IMU Kolkata | IMU Kolkata | 2020-01-28 | 623.87236 P8767 | 04552 | 2020-01-28 | Books | ||||||||||
| IMU Kolkata | IMU Kolkata | 2020-01-28 | 623.87236 P8767 | 04554 | 2020-01-28 | Books | ||||||||||
| IMU Kolkata | IMU Kolkata | 2000-08-16 | 623.87236 P8767 | 09261 | 2020-02-07 | Books | Jyoti, the Book People | 4686.00 | ||||||||
| IMU Kolkata | IMU Kolkata | 2000-08-16 | 623.87236 P8767 | 09264 | 2026-02-10 | Books | 2 | 2026-02-05 | Jyoti, the Book People | 4686.00 |